[Event "Ligue Elite du Dimanche - Prelim."]
[Site "Montreal CAN"]
[Date "2019.09.29"]
[Round "2.8"]
[White "Yan, Alex Jikai"]
[Black "Steinberg, Ellis"]
[Result "1/2-1/2"]
[WhiteElo "1871"]
[BlackElo "2007"]
[PlyCount "45"]
[EventDate "2019.09.22"]
[EventType "team"]
[EventRounds "5"]
[EventCountry "CAN"]
[WhiteTeam "Allez les Bleus"]
[BlackTeam "Desperados"]

1. e4 g6 2. d4 d6 3. c4 Bg7 4. Nf3 Nf6 5. Nc3 O-O 6. Be2 e5 7. dxe5 dxe5 8. O-O
Qxd1 9. Rxd1 Nc6 10. b3 Bg4 11. Bb2 Bxf3 12. Bxf3 Nd4 13. Nd5 c6 14. Nxf6+ Bxf6
15. Bxd4 exd4 16. Rd3 c5 17. Re1 Rfe8 18. Bd1 Bg5 19. g3 f5 20. Bf3 Re7 21. e5
Kf8 22. Bd5 Bh6 23. h4 1/2-1/2

[Event "Ligue Elite du Dimanche - Prelim."]
[Site "Montreal CAN"]
[Date "2019.09.29"]
[Round "2.9"]
[White "Alcantara, Maximo jr"]
[Black "Wang, Isabelle"]
[Result "1/2-1/2"]
[WhiteElo "1688"]
[BlackElo "1692"]
[PlyCount "116"]
[EventDate "2019.09.22"]
[EventType "team"]
[EventRounds "5"]
[EventCountry "CAN"]
[WhiteTeam "Desperados"]
[BlackTeam "Allez les Bleus"]

1. Nf3 d5 2. d4 e6 3. g3 Nf6 4. Bg2 Be7 5. O-O O-O 6. Re1 b6 7. Nbd2 Bb7 8. c3
c5 9. Nb3 Nc6 10. e3 Qc7 11. a3 Rfd8 12. Nbd2 e5 13. b4 cxd4 14. cxd4 e4 15.
Ng5 h6 16. Nh3 Rac8 17. Bb2 Nb8 18. Rc1 Qd6 19. Nf4 Rxc1 20. Bxc1 Nbd7 21. Bb2
Nf8 22. Qb3 Ne6 23. Ne2 Rc8 24. Rc1 Rxc1+ 25. Bxc1 b5 26. Qc3 Qc6 27. Nb3 Qxc3
28. Nxc3 a6 29. Ne2 Ne8 30. Nc5 Bxc5 31. dxc5 a5 32. Bb2 axb4 33. axb4 f6 34.
Bf1 N8c7 35. Nc1 Nd8 36. Nb3 Nc6 37. Bc3 Kf7 38. Nd4 Nxd4 39. Bxd4 Bc6 40. Kg2
g5 41. f3 f5 42. fxe4 fxe4 43. Be2 Kg6 44. Bg4 Na6 45. Bc3 Nc7 46. Bc8 Ne8 47.
Kf2 Nf6 48. Ke2 Nd7 49. Kd2 Kf7 50. h3 h5 51. Bd4 g4 52. h4 Ke6 53. Kc3 Ke7 54.
Bg7 Kd8 55. Bxd7 Kxd7 56. Kd4 Ke6 57. Bh6 Kf5 58. Bg5 Ke6 1/2-1/2

[Event "Ligue Elite du Dimanche - Prelim."]
[Site "Montreal CAN"]
[Date "2019.09.29"]
[Round "2.14"]
[White "Abdelaal, Ibrahim"]
[Black "Guipi Bopala, Prince Eric jr"]
[Result "0-1"]
[WhiteElo "2045"]
[BlackElo "1831"]
[PlyCount "42"]
[EventDate "2019.09.22"]
[EventType "team"]
[EventRounds "5"]
[EventCountry "CAN"]
[WhiteTeam "Les Roches Canadiennes"]
[BlackTeam "Be4"]

1. e4 e5 2. Nf3 Nc6 3. Bc4 Nf6 4. d4 exd4 5. O-O Nxe4 6. Re1 d5 7. Bxd5 Qxd5 8.
Nc3 Qa5 9. Nxe4 Be6 10. Bg5 h6 11. Bh4 g5 12. Nf6+ Ke7 13. Nxd4 Rd8 14. Nxc6+
bxc6 15. Qf3 gxh4 16. Ne4 Bg7 17. Qf4 Rhe8 18. Qxh4+ Kf8 19. Nf6 Bxf6 20. Qxf6
Qg5 21. Rxe6 Rxe6 0-1

[Event "Ligue Elite du Dimanche - Prelim."]
[Site "Montreal CAN"]
[Date "2019.09.29"]
[Round "2.15"]
[White "Wang, Rachel"]
[Black "Lafleche, Alain"]
[Result "1-0"]
[WhiteElo "1752"]
[BlackElo "1604"]
[PlyCount "127"]
[EventDate "2019.09.22"]
[EventType "team"]
[EventRounds "5"]
[EventCountry "CAN"]
[WhiteTeam "Be4"]
[BlackTeam "Les Roches Canadiennes"]

1. d4 d5 2. c4 Nc6 3. Nc3 dxc4 4. e3 e5 5. d5 Na5 6. Qa4+ c6 7. Bxc4 b5 8. Nxb5
Nxc4 9. dxc6 Qa5+ 10. Qxa5 Nxa5 11. Nc7+ Kd8 12. Nxa8 Nxc6 13. Bd2 Bb7 14.
O-O-O Bxa8 15. Nf3 f6 16. b4 Ke8 17. b5 Nb4 18. Bxb4 Bxb4 19. Kc2 Ne7 20. Kb3
Ba5 21. Rd6 Kf7 22. Rd7 Rb8 23. Ka4 Bb6 24. Rhd1 a6 25. Kb4 axb5 26. R1d6 Ke8
27. Nh4 Bc6 28. Rxe7+ Kxe7 29. Rxc6 g6 30. Rc2 Kd6 31. Nf3 Kd5 32. Nd2 f5 33.
Nb3 g5 34. Nc5 Rc8 35. Rd2+ Kc6 36. Ne6 Ra8 37. Rc2+ Kd7 38. Nxg5 Bd8 39. Nf3
Be7+ 40. Kxb5 Bd6 41. Rd2 Kc7 42. Ng5 Rb8+ 43. Kc4 Rb4+ 44. Kd5 Kd7 45. Nf7
Rb5+ 46. Kc4 Rc5+ 47. Kb3 Rb5+ 48. Kc2 Ra5 49. Kb1 Rb5+ 50. Ka1 f4 51. Nxd6 Rb4
52. exf4 Rxf4 53. Nc4+ Ke6 54. Ne3 h5 55. Kb2 h4 56. Kc3 Ra4 57. Kb3 Rf4 58. a4
Rf8 59. a5 Rb8+ 60. Kc4 Rb1 61. Ra2 Rb8 62. a6 Rc8+ 63. Kb5 Rb8+ 64. Kc6 1-0

[Event "Ligue Elite du Dimanche - Prelim."]
[Site "Montreal CAN"]
[Date "2019.10.06"]
[Round "3.1"]
[White "Tanaka, Tyler"]
[Black "Huang, Qiuyu"]
[Result "1/2-1/2"]
[WhiteElo "2264"]
[BlackElo "2213"]
[PlyCount "38"]
[EventDate "2019.09.22"]
[EventType "team"]
[EventRounds "5"]
[EventCountry "CAN"]
[WhiteTeam "Les Roches Canadiennes"]
[BlackTeam "DeepBlue"]

1. Nf3 d5 2. g3 Nf6 3. Bg2 e6 4. O-O Be7 5. c4 O-O 6. d4 c6 7. Nbd2 b6 8. Qc2
Bb7 9. e4 Na6 10. e5 Nd7 11. a3 dxc4 12. Nxc4 Nc7 13. h4 h6 14. Nfd2 Nb5 15.
Qe4 Rb8 16. Qg4 Kh8 17. a4 f5 18. Qf4 Nc7 19. h5 Nd5 1/2-1/2

[Event "Ligue Elite du Dimanche - Prelim."]
[Site "Montreal CAN"]
[Date "2019.10.05"]
[Round "3.2"]
[White "Wu, Tony (Dongze)"]
[Black "Li, James"]
[Result "1/2-1/2"]
[WhiteElo "2034"]
[BlackElo "2112"]
[PlyCount "166"]
[EventDate "2019.09.22"]
[EventType "team"]
[EventRounds "5"]
[EventCountry "CAN"]
[WhiteTeam "DeepBlue"]
[BlackTeam "Les Roches Canadiennes"]

1. d4 Nf6 2. g3 e6 3. Bg2 d5 4. Nf3 c6 5. O-O Be7 6. c4 O-O 7. Nc3 Nbd7 8. Nd2
Re8 9. e4 dxe4 10. Ndxe4 Nxe4 11. Nxe4 Nf6 12. Nc3 Qa5 13. Qe1 Bd6 14. c5 Bf8
15. f4 Rd8 16. Be3 Qb4 17. a3 Qb3 18. Qe2 Nd5 19. Nxd5 exd5 20. Rfc1 Bg4 21.
Qd2 Re8 22. Rc3 Qa4 23. h3 Bf5 24. g4 Be4 25. f5 Bxg2 26. Kxg2 Re4 27. f6 gxf6
28. Rf1 Rae8 29. Qf2 R8e6 30. g5 Bg7 31. Kh1 Qa5 32. Qg3 Qd8 33. gxf6 Rxf6 34.
Rxf6 Qxf6 35. Qb8+ Bf8 36. Bf2 Qe7 37. Rg3+ Kh8 38. Rg2 f6 39. Bg3 Qf7 40. Rf2
Re8 41. Qxa7 Bg7 42. Qa5 Qg6 43. Kh2 f5 44. Qa4 Rg8 45. Qd1 Bf6 46. Qd3 Qg7 47.
Rxf5 Bxd4 48. Qxd4 Qxd4 49. Be5+ Qxe5+ 50. Rxe5 Rd8 51. Kg3 Rd7 52. Kf3 Kg7 53.
Ke2 Kf6 54. Rh5 Re7+ 55. Kd3 Kg6 56. Rh4 Kf5 57. a4 Re4 58. Rxh7 Rxa4 59. Rxb7
Rh4 60. Rf7+ Ke6 61. Rc7 Rxh3+ 62. Kc2 d4 63. Rxc6+ Kd5 64. Rc8 Rh2+ 65. Kb3 d3
66. c6 Kc5 67. Kc3 Rh3 68. c7 Kb6 69. Rd8 Kxc7 70. Rxd3 Rh4 71. Rd4 Rh3+ 72.
Kb4 Kc6 73. Ka5 Rh6 74. Rg4 Kb7 75. Rg7+ Kb8 76. Rd7 Rg6 77. b4 Rf6 78. Kb5 Rg6
79. Kc5 Rh6 80. Rd6 Rxd6 81. Kxd6 Kb7 82. Kc5 Kc7 83. Kb5 Kb7 1/2-1/2

[Event "Ligue Elite du Dimanche - Prelim."]
[Site "Montreal CAN"]
[Date "2019.10.06"]
[Round "3.3"]
[White "Lafleche, Alain"]
[Black "Pelletier, Arnaud"]
[Result "0-1"]
[WhiteElo "1604"]
[BlackElo "1652"]
[PlyCount "52"]
[EventDate "2019.09.22"]
[EventType "team"]
[EventRounds "5"]
[EventCountry "CAN"]
[WhiteTeam "Les Roches Canadiennes"]
[BlackTeam "DeepBlue"]

1. e4 c5 2. Nf3 d6 3. d4 cxd4 4. Nxd4 Nf6 5. Nc3 a6 6. f3 e5 7. Nb3 Be6 8. Be3
Be7 9. Qd2 b5 10. O-O-O Nbd7 11. g4 Nb6 12. h4 b4 13. Bxb6 Qxb6 14. Nd5 Nxd5
15. exd5 Bd7 16. Kb1 a5 17. Nc1 O-O 18. Bd3 a4 19. Ne2 Rfc8 20. Ng3 b3 21. a3
bxc2+ 22. Bxc2 Rab8 23. Be4 Qb3 24. Ka1 Bb5 25. Bd3 Bxd3 26. Qxd3 Qxb2# 0-1

[Event "Ligue Elite du Dimanche - Prelim."]
[Site "Montreal CAN"]
[Date "2019.10.06"]
[Round "3.8"]
[White "Guipi Bopala, Prince Eric jr"]
[Black "Yan, Alex Jikai"]
[Result "1/2-1/2"]
[WhiteElo "1831"]
[BlackElo "1871"]
[PlyCount "128"]
[EventDate "2019.09.22"]
[EventType "team"]
[EventRounds "5"]
[EventCountry "CAN"]
[WhiteTeam "Be4"]
[BlackTeam "Allez les Bleus"]

1. d4 d5 2. Nf3 Nf6 3. e3 Bf5 4. c4 e6 5. Nc3 Nbd7 6. cxd5 exd5 7. h3 h6 8. Bd3
Bxd3 9. Qxd3 c6 10. Rb1 Bd6 11. O-O O-O 12. b4 b5 13. e4 dxe4 14. Nxe4 Nxe4 15.
Qxe4 Rc8 16. Re1 Nf6 17. Qc2 Qb6 18. Bd2 Rfe8 19. Qf5 Nd5 20. Rxe8+ Rxe8 21.
Qg4 Nf6 22. Qf5 Nd5 23. Qg4 Kh8 24. Qd7 Rd8 25. Qxf7 Rf8 26. Qg6 Rf6 27. Qe8+
Rf8 28. Qe4 Qd8 29. a3 Qf6 30. Re1 Rf7 31. Qe8+ Rf8 32. Qe6 Rd8 33. Qxf6 Nxf6
34. Re6 Kg8 35. Kf1 Kf7 36. Re1 Nd7 37. Rc1 Rc8 38. Ke2 Nb6 39. Ne5+ Bxe5 40.
dxe5 Nc4 41. f4 Rc7 42. Be3 Ke6 43. a4 a6 44. axb5 cxb5 45. Bc5 g5 46. g3 gxf4
47. gxf4 Rf7 48. Rf1 Rc7 49. Ra1 Rc6 50. Rg1 Kf5 51. Kf3 a5 52. Rg7 Nd2+ 53.
Ke2 Ne4 54. Rf7+ Kg6 55. Ra7 Nxc5 56. bxc5 Rxc5 57. Rxa5 Kf5 58. Ra6 Kxf4 59.
Rxh6 Rxe5+ 60. Kd3 Kg5 61. Rh8 Rc5 62. Rg8+ Kh4 63. Rh8+ Rh5 64. Rxh5+ Kxh5
1/2-1/2

[Event "Ligue Elite du Dimanche - Prelim."]
[Site "Montreal CAN"]
[Date "2019.10.06"]
[Round "3.9"]
[White "Wang, Isabelle"]
[Black "Wang, Rachel"]
[Result "1-0"]
[WhiteElo "1692"]
[BlackElo "1752"]
[PlyCount "105"]
[EventDate "2019.09.22"]
[EventType "team"]
[EventRounds "5"]
[EventCountry "CAN"]
[WhiteTeam "Allez les Bleus"]
[BlackTeam "Be4"]

1. e4 c5 2. Nf3 Nc6 3. d4 cxd4 4. Nxd4 Nf6 5. Nc3 e5 6. Ndb5 d6 7. Bg5 a6 8.
Na3 b5 9. Bxf6 gxf6 10. Nd5 f5 11. Bd3 Be6 12. O-O Bg7 13. Qh5 O-O 14. exf5
Bxd5 15. f6 h6 16. Qf5 e4 17. fxg7 Re8 18. Qxd5 exd3 19. Qxc6 Rc8 20. Qd5 dxc2
21. Qd2 Qg5 22. Qxg5 hxg5 23. Rfc1 Re5 24. Rxc2 Rce8 25. Kf1 b4 26. Nc4 Rc5 27.
Rac1 Rd8 28. Ne3 Ra5 29. b3 d5 30. Rc8 Rxc8 31. Rxc8+ Kxg7 32. Rc2 d4 33. Nc4
Rd5 34. Rd2 Kf6 35. Ke2 Ke6 36. g4 Rd8 37. Kf3 Kd5 38. Ne3+ Kc5 39. Nf5 f6 40.
Ke4 Re8+ 41. Kd3 Rh8 42. f3 Rd8 43. Rc2+ Kd5 44. Rc4 Ke5 45. Rxd4 Rc8 46. Re4+
Kd5 47. Ne7+ Kd6 48. Nxc8+ Kd7 49. Rxb4 Kxc8 50. Rb6 a5 51. Rxf6 Kd7 52. Rf5
Ke6 53. Rxg5 1-0

[Event "Ligue Elite du Dimanche - Prelim."]
[Site "Montreal CAN"]
[Date "2019.10.06"]
[Round "3.13"]
[White "Zhong, Kevin"]
[Black "Saha, Ananda"]
[Result "1/2-1/2"]
[WhiteElo "2217"]
[BlackElo "2192"]
[PlyCount "114"]
[EventDate "2019.09.22"]
[EventType "team"]
[EventRounds "5"]
[EventCountry "CAN"]
[WhiteTeam "Kingscrusher"]
[BlackTeam "Desperados"]

1. e4 e6 2. Nf3 d5 3. Nc3 Nf6 4. e5 Nfd7 5. d4 c5 6. dxc5 Nc6 7. Bf4 Nxc5 8.
Qd2 Be7 9. O-O-O a6 10. Kb1 b5 11. Ne2 Ne4 12. Qe1 g5 13. Bg3 Qb6 14. Nd2 Nxg3
15. Nxg3 h5 16. Qe2 h4 17. Nh5 Bd7 18. Nf6+ Bxf6 19. exf6 O-O-O 20. Nf3 g4 21.
Ng5 Rdf8 22. f4 Qd8 23. a4 Qxf6 24. axb5 axb5 25. Qxg4 Kc7 26. Bd3 Ra8 27. Rhf1
Ra4 28. c3 b4 29. Bb5 Ra5 30. Bxc6 bxc3 31. Ne4 Rb8 32. Rf2 dxe4 33. Bxd7 Rxb2+
34. Rxb2 cxb2 35. Qe2 Qc3 36. Qxb2 Qxb2+ 37. Kxb2 h3 38. gxh3 Rh5 39. Be8 Rxh3
40. Bxf7 Rxh2+ 41. Kc3 Rf2 42. Bxe6 Rxf4 43. Kd4 Rh4 44. Bd5 e3+ 45. Kxe3 Rb4
46. Be4 Ra4 47. Kf4 Ra5 48. Rb1 Kd6 49. Rc1 Rc5 50. Ra1 Rc3 51. Rd1+ Kc5 52.
Ke5 Kb5 53. Ra1 Kb4 54. Bd5 Rc2 55. Rb1+ Kc3 56. Be4 Rb2 57. Rd1 Rd2 1/2-1/2

[Event "Ligue Elite du Dimanche - Prelim."]
[Site "Montreal CAN"]
[Date "2019.10.06"]
[Round "3.14"]
[White "Steinberg, Ellis"]
[Black "Nunez-Painchaud, Raphael"]
[Result "1/2-1/2"]
[WhiteElo "2007"]
[BlackElo "2148"]
[PlyCount "65"]
[EventDate "2019.09.22"]
[EventType "team"]
[EventRounds "5"]
[EventCountry "CAN"]
[WhiteTeam "Desperados"]
[BlackTeam "Kingscrusher"]

1. e4 c5 2. Nf3 Nc6 3. d4 cxd4 4. Nxd4 Nf6 5. Nc3 e5 6. Ndb5 d6 7. Bg5 a6 8.
Na3 b5 9. Nd5 Be7 10. Bxf6 Bxf6 11. g3 O-O 12. Bg2 Bb7 13. c3 Bg5 14. h4 Bh6
15. Qd3 Ne7 16. Nxe7+ Qxe7 17. O-O Rad8 18. Nc2 g6 19. Nb4 f5 20. exf5 Bxg2 21.
Kxg2 gxf5 22. Qd5+ Kh8 23. Rad1 Qg7 24. Nxa6 f4 25. Nc5 f3+ 26. Kh2 Rf4 27. Rg1
Qf6 28. Kh3 Rg8 29. Qxd6 Rxh4+ 30. gxh4 Qf5+ 31. Kh2 Qf4+ 32. Kh3 Qf5+ 33. Kh2
1/2-1/2

[Event "Ligue Elite du Dimanche - Prelim."]
[Site "Montreal CAN"]
[Date "2019.10.06"]
[Round "3.15"]
[White "Farahdel, Anahita"]
[Black "Alcantara, Maximo jr"]
[Result "1/2-1/2"]
[WhiteElo "1551"]
[BlackElo "1688"]
[PlyCount "103"]
[EventDate "2019.09.22"]
[EventType "team"]
[EventRounds "5"]
[EventCountry "CAN"]
[WhiteTeam "Kingscrusher"]
[BlackTeam "Desperados"]

1. d4 c6 2. c4 d5 3. Nf3 Nf6 4. Nc3 Bf5 5. Bf4 e6 6. e3 Bd6 7. Bxd6 Qxd6 8. c5
Qc7 9. Bd3 Bg6 10. Ne5 Nbd7 11. Nxg6 hxg6 12. h3 e5 13. O-O O-O 14. b4 exd4 15.
exd4 Qf4 16. Bc2 Rfe8 17. g3 Qc7 18. Qf3 Nf8 19. h4 Re7 20. Rad1 Rae8 21. b5
N8h7 22. a4 Ne4 23. Nxe4 dxe4 24. Qb3 e3 25. Rfe1 exf2+ 26. Kxf2 Rxe1 27. Rxe1
Rxe1 28. Kxe1 Qe7+ 29. Kd1 Qf6 30. Qd3 Nf8 31. Bb3 Ne6 32. Bxe6 Qxe6 33. bxc6
bxc6 34. a5 Qd5 35. a6 f5 36. Kc1 Kf7 37. Kb2 Kf6 38. Kc3 g5 39. hxg5+ Kxg5 40.
Qe3+ Kf6 41. Qf4 Qd7 42. Qe5+ Kf7 43. Qb8 g5 44. Kd3 f4 45. gxf4 Qh3+ 46. Ke4
Qh7+ 47. Ke3 Qh3+ 48. Kf2 Qh4+ 49. Kf3 Qh3+ 50. Ke4 Qh7+ 51. Ke3 Qh3+ 52. Ke4
1/2-1/2

[Event "Ligue Elite du Dimanche - Prelim."]
[Site "Montreal CAN"]
[Date "2019.10.20"]
[Round "4.1"]
[White "Huang, Qiuyu"]
[Black "Saha, Ananda"]
[Result "0-1"]
[WhiteElo "2213"]
[BlackElo "2192"]
[PlyCount "78"]
[EventDate "2019.09.22"]
[EventType "team"]
[EventRounds "5"]
[EventCountry "CAN"]
[WhiteTeam "DeepBlue"]
[BlackTeam "Desperados"]

1. e4 e6 2. d4 d5 3. Nc3 Nf6 4. Bg5 dxe4 5. Nxe4 Be7 6. Bxf6 gxf6 7. Nf3 b6 8.
Bb5+ c6 9. Bd3 Bb7 10. Qe2 Qc7 11. O-O-O Nd7 12. Kb1 O-O-O 13. Ba6 b5 14. Bxb7+
Kxb7 15. c4 bxc4 16. Qxc4 Nb6 17. Qf1 Ka8 18. Rc1 Rb8 19. Nc5 Bxc5 20. dxc5 Nd5
21. Nd2 Rb5 22. b3 Qf4 23. Qe2 Qd4 24. Ne4 f5 25. Rc4 Qe5 26. f4 Nxf4 27. Qf3
fxe4 28. Rxe4 Qf5 29. Qxf4 Rxc5 30. Rd1 Rd5 31. Rxd5 Qxd5 32. Rd4 Qxg2 33. Rd7
Qg1+ 34. Kb2 Rg8 35. Qc4 Rg2+ 36. Ka3 Qb6 37. Rxf7 Qa5+ 38. Qa4 Qc5+ 39. b4
Qc1+ 0-1

[Event "Ligue Elite du Dimanche - Prelim."]
[Site "Montreal CAN"]
[Date "2019.10.20"]
[Round "4.2"]
[White "Steinberg, Ellis"]
[Black "Wu, Tony (Dongze)"]
[Result "0-1"]
[WhiteElo "2007"]
[BlackElo "2034"]
[PlyCount "48"]
[EventDate "2019.09.22"]
[EventType "team"]
[EventRounds "5"]
[EventCountry "CAN"]
[WhiteTeam "Desperados"]
[BlackTeam "DeepBlue"]

1. e4 e5 2. Nf3 d6 3. d4 Nd7 4. Nc3 c6 5. Bc4 Be7 6. O-O Ngf6 7. Re1 O-O 8. a4
Qc7 9. Bg5 Nb6 10. Bb3 Bg4 11. a5 Nbd7 12. d5 Nc5 13. Bc4 Bxf3 14. Qxf3 Nxd5
15. Nxd5 cxd5 16. Bxe7 dxe4 17. Bxd6 Qxd6 18. Qe2 Rac8 19. b4 Nd7 20. Qxe4 Nf6
21. Qh4 e4 22. Bb3 Qxb4 23. Re3 Rc3 24. Ra4 Qxb3 0-1

[Event "Ligue Elite du Dimanche - Prelim."]
[Site "Montreal CAN"]
[Date "2019.10.20"]
[Round "4.3"]
[White "Pelletier, Arnaud"]
[Black "Alcantara, Maximo jr"]
[Result "1-0"]
[WhiteElo "1652"]
[BlackElo "1688"]
[PlyCount "69"]
[EventDate "2019.09.22"]
[EventType "team"]
[EventRounds "5"]
[EventCountry "CAN"]
[WhiteTeam "DeepBlue"]
[BlackTeam "Desperados"]

1. c4 c6 2. g3 g6 3. Bg2 Bg7 4. Nf3 Nf6 5. O-O O-O 6. d4 d5 7. Nbd2 Nbd7 8. Re1
Nb6 9. cxd5 cxd5 10. Nb3 e6 11. Nc5 Nbd7 12. Nd3 b6 13. Bf4 Bb7 14. Rc1 Rc8 15.
Qa4 a6 16. Nb4 b5 17. Qb3 Qb6 18. e3 Ne4 19. Nd3 Rc4 20. Nde5 Nxe5 21. Nxe5
Bxe5 22. dxe5 Rfc8 23. Rxc4 Rxc4 24. Bxe4 dxe4 25. Qd1 Bd5 26. Bh6 Qc7 27. Qg4
Qxe5 28. Qh4 Rc8 29. Qe7 Qxb2 30. Qd7 Qc3 31. Rd1 Qc7 32. Qxc7 Rxc7 33. a4 b4
34. Bf4 b3 35. Bxc7 1-0

[Event "Ligue Elite du Dimanche - Prelim."]
[Site "Montreal CAN"]
[Date "2019.10.20"]
[Round "4.7"]
[White "Rodrigue-Lemieux, Shawn"]
[Black "Zhong, Kevin"]
[Result "1/2-1/2"]
[WhiteElo "2396"]
[BlackElo "2217"]
[PlyCount "85"]
[EventDate "2019.09.22"]
[EventType "team"]
[EventRounds "5"]
[EventCountry "CAN"]
[WhiteTeam "Be4"]
[BlackTeam "Kingscrusher"]

1. Nf3 d5 2. g3 Bg4 3. Bg2 Nd7 4. O-O Ngf6 5. c4 e6 6. b3 Be7 7. Bb2 O-O 8.
cxd5 exd5 9. Na3 c6 10. Nc2 Ne4 11. Ne3 Bh5 12. d3 Nd6 13. Rc1 Re8 14. h4 Bxf3
15. Bxf3 Bf6 16. Bxf6 Qxf6 17. Qd2 Ne5 18. Bg2 d4 19. Nc2 Ng4 20. Bh3 h5 21.
Ne1 Re7 22. Nf3 Rae8 23. Rfe1 Nb5 24. Bxg4 hxg4 25. Ng5 Nc3 26. e4 Qh6 27. e5
Rxe5 28. Qf4 f6 29. Rxe5 Rxe5 30. Kg2 Ne2 31. Qxg4 fxg5 32. Qc8+ Kh7 33. Rh1
gxh4 34. Qg4 Nxg3 35. fxg3 Qd2+ 36. Kh3 Qxd3 37. Qxh4+ Kg8 38. Qd8+ Kf7 39.
Qc7+ Re7 40. Qf4+ Kg8 41. Qb8+ Kf7 42. Qf4+ Kg8 43. Qb8+ 1/2-1/2

[Event "Ligue Elite du Dimanche - Prelim."]
[Site "Montreal CAN"]
[Date "2019.10.20"]
[Round "4.8"]
[White "Nunez-Painchaud, Raphael"]
[Black "Guipi Bopala, Prince Eric jr"]
[Result "1-0"]
[WhiteElo "2148"]
[BlackElo "1831"]
[PlyCount "113"]
[EventDate "2019.09.22"]
[EventType "team"]
[EventRounds "5"]
[EventCountry "CAN"]
[WhiteTeam "Kingscrusher"]
[BlackTeam "Be4"]

1. d4 d5 2. c4 e6 3. Nf3 Nf6 4. g3 dxc4 5. Bg2 c6 6. Ne5 Be7 7. O-O O-O 8. Nc3
Nbd7 9. Nxc4 Nb6 10. Ne5 Qc7 11. Qc2 a6 12. Nd3 Rd8 13. Bf4 Bd6 14. Bg5 Be7 15.
e3 h6 16. Bxf6 Bxf6 17. Ne4 Be7 18. b4 Nd5 19. Rab1 Bd7 20. Rfc1 Nf6 21. Nec5
Bxc5 22. bxc5 Be8 23. Rb2 Nd7 24. Rcb1 Rab8 25. f4 f6 26. Bh3 Bf7 27. Qc3 Nf8
28. e4 Bg6 29. Nf2 Bf7 30. e5 f5 31. Rb4 Rd7 32. Nd1 Bh5 33. Ne3 Bf3 34. Nc4
Bd5 35. a4 Bxc4 36. Qxc4 Kh8 37. Kf2 Re7 38. Bf1 g5 39. Qc1 Rg7 40. Bxa6 g4 41.
Rxb7 Rxb7 42. Bxb7 Rd7 43. Qc3 h5 44. a5 h4 45. a6 hxg3+ 46. hxg3 Rh7 47. Kg2
Qd7 48. Qc4 Qf7 49. Rh1 Rh3 50. Bxc6 Qh5 51. Qf1 Ng6 52. Rxh3 Qxh3+ 53. Kf2
Nxf4 54. Qxh3+ Nxh3+ 55. Kf1 f4 56. a7 fxg3 57. a8=Q+ 1-0

[Event "Ligue Elite du Dimanche - Prelim."]
[Site "Montreal CAN"]
[Date "2019.10.20"]
[Round "4.9"]
[White "Wang, Rachel"]
[Black "Farahdel, Anahita"]
[Result "1-0"]
[WhiteElo "1752"]
[BlackElo "1551"]
[PlyCount "113"]
[EventDate "2019.09.22"]
[EventType "team"]
[EventRounds "5"]
[EventCountry "CAN"]
[WhiteTeam "Be4"]
[BlackTeam "Kingscrusher"]

1. d4 d5 2. c4 c6 3. Nc3 Nf6 4. Nf3 e6 5. Bg5 Nbd7 6. e3 dxc4 7. Bxc4 Nb6 8.
Bd3 Be7 9. O-O Nfd5 10. Bxe7 Qxe7 11. Nxd5 exd5 12. Qc2 h6 13. Rab1 Be6 14. b4
a6 15. Rfc1 Nc8 16. a4 Nd6 17. Ne5 Rc8 18. Qb3 Ne4 19. Qc2 Nd6 20. Qb2 O-O 21.
b5 axb5 22. axb5 cxb5 23. Rxc8 Rxc8 24. Bxb5 Nxb5 25. Qxb5 Bf5 26. Ra1 Be6 27.
Nd3 Qd7 28. Qb2 Qc7 29. Rc1 Qe7 30. Nc5 Rc6 31. Qb5 Qc7 32. Rf1 Qb6 33. Qd3 Qc7
34. h3 b6 35. Na6 Qb7 36. Qb5 Kh8 37. Nb4 Rc8 38. f4 g6 39. Nd3 Qc6 40. Qxc6
Rxc6 41. Ne5 Rc2 42. Rb1 Re2 43. Rb3 Kg7 44. Kf1 Rc2 45. Rxb6 Bf5 46. Rb7 Be6
47. Kg1 Re2 48. Rb3 Bf5 49. Kf1 Rc2 50. Rb7 Be6 51. g4 Rh2 52. f5 gxf5 53. gxf5
Bc8 54. Rxf7+ Kg8 55. Rf6 Rxh3 56. Rg6+ Kh7 57. f6 1-0

[Event "Ligue Elite du Dimanche - Prelim."]
[Site "Montreal CAN"]
[Date "2019.10.20"]
[Round "4.14"]
[White "Yan, Alex Jikai"]
[Black "Li, James"]
[Result "1-0"]
[WhiteElo "1871"]
[BlackElo "2112"]
[PlyCount "150"]
[EventDate "2019.09.22"]
[EventType "team"]
[EventRounds "5"]
[EventCountry "CAN"]
[WhiteTeam "Allez les Bleus"]
[BlackTeam "Les Roches Canadiennes"]

1. e4 c5 2. Nf3 d6 3. d4 cxd4 4. Nxd4 Nf6 5. Nc3 a6 6. Be2 e5 7. Nf3 Be7 8. Bg5
Nbd7 9. O-O O-O 10. Qd2 h6 11. Bxf6 Nxf6 12. Rfe1 b5 13. a3 Qc7 14. Nh4 Rd8 15.
Bf3 Be6 16. Nf5 Bf8 17. Ne3 Rac8 18. Rad1 Qc5 19. Rc1 b4 20. Nb1 bxa3 21. Nxa3
Rb8 22. c4 Rb3 23. Rc3 Rdb8 24. Rxb3 Rxb3 25. Nd5 Bxd5 26. cxd5 Qb4 27. Qxb4
Rxb4 28. Re2 Be7 29. Kf1 Bd8 30. Ke1 Bb6 31. Kd1 Kf8 32. Kc2 Ke7 33. b3 Nd7 34.
Nc4 Bd4 35. Na5 Rb5 36. Nc6+ Kf6 37. Rd2 Nc5 38. b4 Nd7 39. Nxd4 exd4 40. Rxd4
Ke5 41. Kc3 a5 42. bxa5 Rxa5 43. Rb4 Nc5 44. Rb8 Ra2 45. Re8+ Kf6 46. Rd8 Ke7
47. Rg8 g6 48. Rc8 f6 49. Rc7+ Kd8 50. Rg7 g5 51. Rh7 Rxf2 52. Rxh6 Nd7 53. Kd3
g4 54. Ke3 Rb2 55. Bxg4 Ne5 56. Bf3 Ke7 57. Rh7+ Kd8 58. Rh8+ Ke7 59. h4 Kf7
60. Rh7+ Kg6 61. Rh8 Kg7 62. Ra8 Kh6 63. Kf4 Rb3 64. Rd8 Kg7 65. Rxd6 Ng6+ 66.
Kg3 Ne5 67. Ra6 Rd3 68. Rd6 Nc4 69. Rd7+ Kh6 70. h5 Ne5 71. Rd6 Kg5 72. h6 Kxh6
73. Rxf6+ Kg7 74. Re6 Nf7 75. Kf4 Nd8 1-0

[Event "Ligue Elite du Dimanche - Prelim."]
[Site "Montreal CAN"]
[Date "2019.10.20"]
[Round "4.15"]
[White "Lafleche, Alain"]
[Black "Wang, Isabelle"]
[Result "1/2-1/2"]
[WhiteElo "1604"]
[BlackElo "1692"]
[PlyCount "131"]
[EventDate "2019.09.22"]
[EventType "team"]
[EventRounds "5"]
[EventCountry "CAN"]
[WhiteTeam "Les Roches Canadiennes"]
[BlackTeam "Allez les Bleus"]

1. e4 e5 2. Nf3 Nc6 3. d4 exd4 4. Nxd4 Nf6 5. Nxc6 bxc6 6. e5 Qe7 7. Qe2 Nd5 8.
g3 g6 9. Bg2 Bg7 10. f4 O-O 11. b3 a5 12. O-O Ba6 13. c4 f6 14. Re1 fxe5 15.
Qd2 Qc5+ 16. Kh1 exf4 17. Bb2 Bxb2 18. Bxd5+ cxd5 19. Qxb2 dxc4 20. Nc3 Bb7+
21. Ne4 Rae8 22. Qg2 Bxe4 23. Rxe4 Rxe4 24. Qxe4 Qc6 25. Qxc6 dxc6 26. Rc1 cxb3
27. axb3 fxg3 28. Rxc6 Rf3 29. Rxc7 Rxb3 30. Ra7 Ra3 31. hxg3 Rxg3 32. Rxa5 Kg7
33. Kh2 Rb3 34. Kg2 h5 35. Kf2 Kh6 36. Kg2 h4 37. Kh2 Rg3 38. Rc5 g5 39. Ra5
Kh5 40. Rc5 Rd3 41. Rb5 Kg4 42. Rb4+ Kh5 43. Rb5 Re3 44. Rc5 Kg4 45. Rc4+ Kf3
46. Kh3 Kf2+ 47. Kh2 Rg3 48. Rc2+ Kf3 49. Rc3+ Kg4 50. Rc4+ Kh5 51. Rc5 Rb3 52.
Ra5 Re3 53. Rb5 h3 54. Ra5 Kh4 55. Ra4+ g4 56. Rb4 Re2+ 57. Kh1 Rf2 58. Kg1 Re2
59. Rc4 Kg3 60. Rc3+ Kh4 61. Rc4 h2+ 62. Kh1 Kh3 63. Rc3+ Kh4 64. Rc4 Kh5 65.
Rc5+ Kg6 66. Rg5+ 1/2-1/2